000 00659nam a22002297a 4500
003 OSt
005 20221110043731.0
008 170405b xxu||||| |||| 00| 0 eng d
020 _a1558285261
040 _aMMU
_cMMU
_dMMU
_beng
050 0 0 _aQA76.9 .D3S563375 1997
100 1 _aSiegel, Charles.
245 1 0 _aTeach yourself-- Access 97 for Windows /
_cCharles Siegel.
246 3 0 _aAccess 97 for Windows
250 _a1st ed.
260 _aNew York, N.Y. :
_bMIS Press,
_cc1997.
300 _axiv, 482 p. :
_bill. ;
_c24 cm.
500 _aIncludes index.
630 0 0 _aMicrosoft Access.
650 0 _aDatabase management.
942 _2lcc
_cLOAN LOAN
999 _c26930
_d26930